000 00413nam a22001337a 4500
999 _c12322
_d12322
008 160802b xxu||||| |||| 00| 0 eng d
050 _aQA 39.2.P38 1981
100 _aPatel, N.M.
245 _aMathematics for Kenya school :
_c N.M.Patel
_bForm 1 /
260 _aNairobi :
_bMwalimu Publications,
_c1981.
300 _a264 p. :
_b ill.
650 _aMathematics.
_xKenyan secondary school
942 _2lcc
_cBOOKS
_hQA 39.2.P38 1981